000 00692cam a2200181 4500
001 WB3636-30
008 000000n2000 000 0 eng u
035 _a(Sirsi) u108338
245 _aWait and see on seller's packs
260 _c2000
490 _aEstate Agency News
_v (160) September 2000, 1(1)
520 _aConfirms that autumn is the earliest date the results of the Bristol Seller's Pack pilot scheme are likely to be released. Early indications are that the pilot scheme has reinforced government intention to make the Seller's Pack mandatory.
590 _aWB
650 _aSELLERS PACKS
650 _aPILOT SCHEME
690 _aPROPERTY AND LAND LAW-AGENCY
942 _n0
999 _c64680
_d64680